[Event "HUN-chT2 Maroczy 0708"]
[Site "Hungary"]
[Date "2007.12.16"]
[Round "5"]
[White "Elek, Monika"]
[Black "Lengyel, Gabor"]
[Result "0-1"]
[WhiteElo "1959"]
[BlackElo "2051"]
[PlyCount "82"]
[EventDate "2007.10.14"]
[EventType "team-tourn"]
[EventRounds "11"]
[EventCountry "HUN"]
[SourceTitle "EXT 2009"]
[Source "ChessBase"]
[SourceDate "2008.11.26"]
[SourceVersion "1"]
[SourceVersionDate "2008.11.26"]
[SourceQuality "1"]
[WhiteTeam "Miskolc EMSE"]
[BlackTeam "Sarospatak"]
[WhiteTeamCountry "HUN"]
[BlackTeamCountry "HUN"]

1. d4 Nf6 2. c4 a6 3. Nc3 c5 4. d5 b5 5. cxb5 axb5 6. Nxb5 Qa5+ 7. Nc3 Bb7 8. Bd2 Qc7 9. e4 g6 10. Bd3 Bg7 11. Nge2 0-0 12. 0-0 Na6 13. Ng3 Nb4 14. Be2 h5 15. a3 Na6 16. h4 d6 17. Be3 Rfb8 18. Qd2 Bc8 19. Rab1 Ng4 20. Bxg4 Bxg4 21. f3 Bd7 22. f4 Bf6 23. f5 Bxh4 24. Nce2 Rb3 25. fxg6 fxg6 26. Nh1 Bf6 27. Bg5 Kg7 28. Bxf6+ exf6 29. Qf4 Rf8 30. Nc3 Qb8 31. Qd2 f5 32. Qe2 Nc7 33. e5 Nb5 34. Nd1 Nxa3 35. exd6 Re8 36. Qf2 Nxb1 37. Qc2 Rb4 38. Nhf2 Bb5 39. Nd3 Bxd3 40. Qxd3 Qxd6 41. Qxb1 Qxd5 0-1

[Event "HUN-chT2 Maroczy 0607"]
[Site "Hungary"]
[Date "2006.12.03"]
[Round "3"]
[White "Bor, Ferenc"]
[Black "Elek, Monika"]
[Result "0-1"]
[WhiteElo "2035"]
[BlackElo "1969"]
[PlyCount "44"]
[EventDate "2006.11.12"]
[EventType "team-tourn"]
[EventRounds "11"]
[EventCountry "HUN"]
[SourceTitle "EXT 2008"]
[Source "ChessBase"]
[SourceDate "2007.11.25"]
[SourceVersion "1"]
[SourceVersionDate "2007.11.25"]
[SourceQuality "1"]
[WhiteTeam "Koeszolg"]
[BlackTeam "Miskolc EMSE"]
[WhiteTeamCountry "HUN"]
[BlackTeamCountry "HUN"]

1. e4 c6 2. d4 d5 3. Nd2 dxe4 4. Nxe4 Nd7 5. c4 Ngf6 6. f3 e6 7. Bd3 Qb6 8. Ne2 Bb4+ 9. N4c3 c5 10. a3 cxd4 11. axb4 dxc3 12. bxc3 0-0 13. c5 Qc7 14. Bf4 e5 15. Be3 Rd8 16. Qc2 Nf8 17. c4 Be6 18. 0-0 a5 19. bxa5 Rxa5 20. Rxa5 Qxa5 21. Rb1 N8d7 22. Rb5 Qe1# 0-1

[Event "Miskolc Avas op"]
[Site "Miskolc"]
[Date "2005.08.21"]
[Round "7"]
[White "Elek, Monika"]
[Black "Karolyfalvi, Zoltan"]
[Result "0-1"]
[WhiteElo "1926"]
[BlackElo "2206"]
[PlyCount "106"]
[EventDate "2005.08.18"]
[EventType "swiss"]
[EventRounds "7"]
[EventCountry "HUN"]
[SourceTitle "EXT 2008"]
[Source "ChessBase"]
[SourceDate "2007.11.25"]
[SourceVersion "1"]
[SourceVersionDate "2007.11.25"]
[SourceQuality "1"]

1. d4 d5 2. c4 c6 3. Nc3 e6 4. Nf3 dxc4 5. Qc2 Bb4 6. Bf4 Nf6 7. e3 b5 8. Be2 Nd5 9. Bg3 Qa5 10. Rc1 Qxa2 11. 0-0 Nxc3 12. bxc3 Qxc2 13. Rxc2 Be7 14. Ra1 Nd7 15. Nd2 Nb6 16. e4 0-0 17. f4 Bb7 18. Bf2 Rfd8 19. Rca2 a6 20. Rb2 Rd7 21. Bf3 c5 22. dxc5 Na4 23. Rxa4 bxa4 24. Nxc4 Rad8 25. h3 Rc7 26. Nb6 Bxc5 27. Bxc5 Rxc5 28. Nxa4 Rc4 29. Rxb7 Rxa4 30. Ra7 Ra2 31. c4 g6 32. Rc7 a5 33. c5 a4 34. c6 Rc2 35. Ra7 Rxc6 36. Rxa4 Rc2 37. Rb4 Rcd2 38. Rc4 R8d4 39. Rxd4 Rxd4 40. Kf2 f6 41. g4 e5 42. fxe5 fxe5 43. g5 Kf7 44. h4 Ke7 45. Kg3 Kd6 46. Kg4 Kc5 47. h5 Rd3 48. hxg6 hxg6 49. Kg3 Kd4 50. Kf2 Rxf3+ 51. Kxf3 Kd3 52. Kf2 Kxe4 53. Ke2 Kf4 0-1

[Event "HUN-chT2 Barcza 0405"]
[Site "Hungary"]
[Date "2004.12.19"]
[Round "5"]
[White "Korompai, Bela"]
[Black "Elek, Monika"]
[Result "1/2-1/2"]
[WhiteElo "1780"]
[BlackElo "1942"]
[PlyCount "115"]
[EventDate "2004.09.26"]
[EventType "team-tourn"]
[EventRounds "11"]
[EventCountry "HUN"]
[SourceTitle "EXT 2009"]
[Source "ChessBase"]
[SourceDate "2008.11.26"]
[SourceVersion "1"]
[SourceVersionDate "2008.11.26"]
[SourceQuality "1"]
[WhiteTeam "Hajduszoboszlo"]
[BlackTeam "Kazincbarcika"]
[WhiteTeamCountry "HUN"]
[BlackTeamCountry "HUN"]

1. Nf3 d5 2. g3 Nc6 3. Bg2 e5 4. d3 Nf6 5. Nfd2 Bd6 6. Nc3 Bb4 7. 0-0 Bxc3 8. bxc3 0-0 9. Rb1 Rb8 10. e4 Be6 11. Nb3 dxe4 12. Nc5 Bg4 13. Qe1 Bf3 14. Nxe4 Bxg2 15. Kxg2 Nxe4 16. Qxe4 Kh8 17. f4 f5 18. Qc4 Qd7 19. Be3 Rfd8 20. Kg1 Qd5 21. Qb5 Qxb5 22. Rxb5 e4 23. d4 Ne7 24. c4 c6 25. Re5 Rd7 26. Kf2 Kg8 27. g4 g6 28. gxf5 gxf5 29. Rg1+ Kf7 30. Rg5 Rg8 31. Rh5 Kg6 32. Rh3 h6 33. Re6+ Kf7 34. Rhxh6 Rg6 35. Rexg6 Nxg6 36. Rh7+ Ke6 37. Rh6 Kf7 38. Rh7+ Ke6 39. Rxd7 Kxd7 40. Kg3 b5 41. cxb5 cxb5 42. h4 Ne7 43. h5 Ke6 44. Kh4 Nd5 45. Bc1 Kf6 46. h6 e3 47. h7 Kg7 48. Kg5 e2 49. Bd2 Ne3 50. d5 Nxd5 51. Kxf5 Ne3+ 52. Ke4 Nxc2 53. Kd5 e1Q 54. Bxe1 Nxe1 55. Kc5 Nd3+ 56. Kxb5 Nxf4 57. Ka6 Kxh7 58. a4 1/2-1/2